1754 1434 1036 1505 1460 1933 1854 1916 1036 1935 1230 1471 1125 1081 1522 1962 1454 1322 1701 1670 1587 1163 1716 1723 1196 1467 1211 1110 1528 1722 1393 1325 1079 1337 1476 1941 1609 1504 1183 1076 1884 1806 1483 1432 1106 1060 1838 1345 1033 1697 1689 1572 1742 1622 1303 1303 1242 1282 1024 1736 1870 1630 1182 1624 1658 1726 1959 1644 1374 1625 1965 1865 1037 1932 1862 1191 1465 1438 1796 1864 1383 1800 1888 1041 1710 1940 1595 1881 1951 1693 1481 1543 1706 1593 1042 1955 1046 1768 1197 BCNSPRNW ULIB Ver.6.0+V

เปลี่ยนเป็นภาษาไทย

Change to English
 แสดงรายละเอียดบรรณานุกรม
  กลับหน้าหลัก

Brief Record : Get Marc (ISO 2709) : E-mail record : QR code < ปิดหน้าต่าง
LEADER : 00000nam 2200000uu 4500
001    13399111855
003     ULIB
008    110627s2552||||th 000 0 tha d
020    9786115000173
090    นว.^bณ429ร 2552
100 0  ณารา
245 00 รักร้าย/^cณารา
250    พิมพ์ครั้งที่ 4
260    กรุงเทพฯ :^bพิมพ์คำ,^c2552
300    532 หน้า
945    ^p320^l0^i028057
995    ทศพร
999 ^a ใช้งานได้ทุกระบบ
รายการนี้ยังไม่มีแท็ก
คุณยังไม่ได้ล็อกอิน คุณสามารถมีกิจกรรมร่วมกับเว็บไซต์ได้ แต่ต้องล็อกอินก่อน ::
  ล็อกอิน

รายการสื่อสารสนเทศ

ลำดับที่ ประเภท เลขเรียก/บาร์โค้ด สถานที่ สถานะ
- ไม่พบข้อมูล -

รายการใกล้เคียง
    ผู้แต่ง [ณารา]

BibComment


ยังไม่เคยถูกคอมเมนท์

คอมเมนท์ทรัพยากรรายการนี้
  คอมเมนท์: รักร้าย ณารา


 Copyright 2026. Bcnsprnw @Library